| 000 | 00636nam a2200229 a 4500 | ||
|---|---|---|---|
| 001 | 0001-1379 | ||
| 003 | ELIB.Books | ||
| 008 | 160712 2010 eng | ||
| 020 | _a1563382105 | ||
| 035 | _a(ELIB.Books)0001-1534 | ||
| 092 |
_a232.8 Hoo _cR |
||
| 100 | _aHooker, Morna D. | ||
| 245 |
_aThe Signs of a Prophet _bThe Prophetic Actions of Jesus |
||
| 260 |
_aHarrisburg, Pennsylvania _bTrinity Press International _c1997 |
||
| 300 |
_a129 _c26 Cm |
||
| 650 | _aJesus Christ-Prophetic Office | ||
| 856 |
_nKBTS Library _uKBTS: ELIB |
||
| 942 |
_2ddc _cBK |
||
| 990 | _a1 | ||
| 998 |
_cbat _e2016-07-12 |
||
| 999 |
_c11379 _d11379 |
||